| 000 | 00000nam 2200000zi 4500 |
| 001 | 9.908795 |
| 003 | CaOODSP |
| 005 | 20221107181741 |
| 006 | m o d f |
| 007 | cr cn||||||||| |
| 008 | 220304t20222022quc o f000 0 fre d |
| 020 | |a9780660423630 |
| 040 | |aCaOODSP|bfre|erda|cCaOODSP |
| 043 | |an-cn--- |
| 086 | 1 |aEn14-192/2022F-PDF |
| 245 | 00|aCode de pratique pour la gestion du tétrabutylétain : |bquatrième rapport d’étape. |
| 264 | 1|a[Gatineau, Québec] : |bEnvironnement et changement climatique Canada = Environment and Climate Change Canada, |c2022. |
| 264 | 4|c©2022 |
| 300 | |a1 ressource en ligne (i, 3 pages) |
| 336 | |atexte|btxt|2rdacontent/fre |
| 337 | |ainformatique|bc|2rdamedia/fre |
| 338 | |aressource en ligne|bcr|2rdacarrier/fre |
| 500 | |aPublié aussi en anglais sous le titre : Code of practice for management of tetrabutyltin: fourth progress report. |
| 500 | |aPublié aussi en format HTML. |
| 650 | 6|aComposés organostanniques|zCanada|xSécurité|xMesures. |
| 710 | 1 |aCanada. |bEnvironnement et changement climatique Canada, |eorganisme de publication. |
| 775 | 08|tCode of practice for management of tetrabutyltin : |w(CaOODSP)9.908791 |
| 795 | |tTroisième rapport d’étape sur le code de pratique pour la gestion du tétrabutylétain au Canada (2019).|w(CaOODSP)9.870057 |
| 856 | 40|qPDF|s122 Mo|uhttps://publications.gc.ca/collections/collection_2022/eccc/En14-192-2022-fra.pdf |
| 856 | 4 |qHTML|sS.O.|uhttps://www.canada.ca/fr/environnement-changement-climatique/services/registre-environnemental-loi-canadienne-protection/directives-objectifs-codes-pratiques/gestion-tetrabutyletain-quatrieme-rapport-etape-2022.html |
| 986 | |aEC21269 |